000 00602cam a22002173a 4500
001 39624
003 PGUSA
005 20140828083859.0
008 120505s2012||||xxu|||||s|||||000 | eng d
040 _aPGUSA
_beng
042 _adc
100 1 _aSchwob, Marcel,
_d1867-1905
245 1 0 _aDer Kinderkreuzzug
_h[electronic resource] /
_cMarcel Schwob
260 _bProject Gutenberg,
_c2012
506 _aPublic domain in the USA.
516 _aElectronic text
700 1 _aSeiffhart, Arthur
830 0 _aProject Gutenberg
_v39624
856 4 0 _uhttp://www.gutenberg.org/ebooks/39624
942 _cEB
999 _c268877
_d268877